[Event "Erfurt Young Masters 2017"]
[Site "Erfurt"]
[Date "2017.08.04"]
[Round "9"]
[White "Pourkashiyan, Atousa"]
[Black "Sieber, Fiona"]
[Result "1/2-1/2"]
[WhiteElo "2289"]
[BlackElo "2277"]
[Annotator "TA"]
[PlyCount "62"]
[EventDate "2017.??.??"]
[EventType "tourn"]
[EventCountry "GER"]
[SourceTitle "playchess.com"]
[Source "ChessBase"]
[SourceQuality "1"]

{[%evp 14,62,53,46,41,-22,0,-32,-32,-47,-72,-78,-52,-64,0,0,125,111,113,121,125,133,124,118,156,92,75,-9,-7,-22,-8,-8,0,0,0,-21,-20,-21,-12,-8,-6,-6,16,-10,-12,-12,0,0,0,0,8]} 1. e4 e5 2. Nf3 Nc6 3. Bb5 {[%cal Bf1b5,Bb5a4,Ba4b3,Bb3d5][%mdl 32]} a6 4. Ba4 Nf6 5. d4 b5 6. Bb3 Nxe4 7. dxe5 Nc5 8. Bd5 Bb7 {C77: Ruy Lopez: 3...a6 4 Ba4 Nf6, unusual lines} (8... Be7 9. O-O O-O 10. Re1 Bb7 11. Nc3 Ne6 12. Ne4 Na5 13. Bxb7 Nxb7 14. Be3 d6 15. Qd5 Qc8 16. Rad1 c6 17. Qd3 d5 {1-0 (62) Fierro Baquero,M (2361)-Sachdev,T (2425) Beijing 2008}) 9. Ng5 (9. O-O $14) 9... Ne6 10. Ne4 (10. Qh5 g6 $17) (10. Bxe6 dxe6 11. Qf3 Qd7 $19) 10... Qb8 $146 {Black is slightly better.} ({Predecessor:} 10... Be7 11. O-O d6 12. exd6 Bxd6 13. Bxe6 fxe6 14. Qh5+ Kd7 15. Rd1 Qe8 16. Qc5 {1-0 (52) Link,M-Neumann,H Koblenz 1991}) 11. O-O Nxe5 12. f4 {[%cal Bf2f4,Bf4f5][%mdl 32]} Bxd5 13. Qxd5 Ng4 (13... Nc4 $1 $15 14. f5 (14. Rd1 Qa7+ 15. Kh1 c6 $17) 14... c6) 14. Qh5 $1 $11 {[%cal Rh5g4]} d5 (14... Qb6+ $11 {keeps the balance.} 15. Kh1 Qc6) 15. Qxg4 $16 ({Inferior is} 15. Ng5 Qb6+ 16. Kh1 Nxg5 $17) 15... dxe4 {[#]} 16. f5 $1 Nc5 {[#]} 17. b4 $1 {[%cal Rb4c5]} Nd7 {Hoping for ...Nf6.} 18. Qxe4+ Be7 19. Bb2 (19. Re1 $142 {[%csl Ge1][%cal Re4e7]} Qd8 20. a4) 19... Kf8 20. Bxg7+ ({White should try} 20. Re1 $16 Bf6 21. Nc3 (21. Bxf6 Nxf6 22. Qf3 Qb6+ 23. Kh1 Rd8 $11)) 20... Kxg7 $11 {The position is equal.} 21. Qxe7 Qb6+ 22. Kh1 Qf6 23. Qxf6+ Nxf6 24. Nc3 c5 25. a3 Rhc8 {...cxb4 is the strong threat.} 26. Rf3 $36 {[%mdl 2048] White has good play.} Rc6 27. h3 Rac8 28. Na2 cxb4 29. Nxb4 Rc3 30. Rxc3 Rxc3 31. Nxa6 Rxc2 {Precision: White = 50%, Black = 53%.} 1/2-1/2

[Event "Erfurt Young Masters 2017"]
[Site "Erfurt"]
[Date "2017.08.04"]
[Round "9"]
[White "Heinemann, Josefine"]
[Black "Osmanodja, Filiz"]
[Result "1-0"]
[WhiteElo "2284"]
[BlackElo "2273"]
[Annotator "NA"]
[PlyCount "77"]
[EventDate "2017.??.??"]
[EventType "tourn"]
[EventCountry "GER"]
[SourceTitle "playchess.com"]
[Source "ChessBase"]
[SourceQuality "1"]
[TimeControl "40/5400+30:900+30"]

1. e4 {[%emt 0:00:00]} c5 {[%emt 0:00:03]} 2. Nf3 {[%emt 0:00:00]} Nc6 {[%emt 0:00:08]} 3. d4 {[%emt 0:00:00]} cxd4 {[%emt 0:00:02]} 4. Nxd4 {[%emt 0:00:00]} e5 {[%emt 0:00:05]} 5. Nb5 {[%emt 0:00:00]} d6 {[%emt 0:00:01]} 6. N1c3 {[%emt 0:00:00]} a6 {[%emt 0:00:11]} 7. Na3 {[%emt 0:00:05]} Be7 {[%emt 0:00:17]} 8. Nc4 {[%emt 0:00:29]} b5 {[%emt 0:00:51] B32: Sicilian: Löwenthal and Kalashnikov Variations} 9. Ne3 {[%emt 0:00:05]} Nf6 {[%emt 0:00:04]} 10. g3 {[%emt 0:03:19]} O-O {[%emt 0:00:51]} 11. Bg2 {[%emt 0:00:13]} b4 {[%emt 0:00:14]} 12. Ncd5 {[%emt 0:00:21]} Nxd5 {[%emt 0:00:03]} 13. Nxd5 {[%emt 0:00:38]} Bg5 {[%emt 0:00:14]} 14. Bxg5 {[%emt 0:04:17]} Qxg5 {[%emt 0:00:03]} 15. O-O {[%emt 0:00:25]} Rb8 {[%emt 0:00:06] [#]} 16. h4 $146 {[%emt 0:02:21]} ({Find the theoretical novelty and annotate with similar games:} 16. Qd3) 16... Qg6 {[%emt 0:09:13]} (16... Qd8 $11) 17. Qd3 {[%emt 0:02:43]} Kh8 {[%emt 0:01:55]} 18. Ne3 {[%emt 0:03:38]} Rd8 {[%emt 0:14:16]} 19. Rfd1 {[%emt 0:05:06]} Nd4 {[%emt 0:09:38]} 20. c3 {[%emt 0:11:40]} bxc3 {[%emt 0:00:21]} 21. bxc3 {[%emt 0:00:05]} Ne6 {[%emt 0:03:03]} 22. Qc4 {[%emt 0:01:50]} Rb2 {[%emt 0:13:05]} 23. Rab1 {[%emt 0:04:15]} Rxb1 {[%emt 0:04:07]} 24. Rxb1 {[%emt 0:00:56]} Nc5 {[%emt 0:06:01]} 25. Rb8 {[%emt 0:02:32]} Rg8 {[%emt 0:02:49]} 26. Qd5 $16 {[%emt 0:03:50]} h5 {[%emt 0:24:23]} 27. Qa8 {[%emt 0:07:35]} Qe6 {[%emt 0:00:02]} 28. Nf5 {[%emt 0:00:12]} Kh7 {[%emt 0:06:17]} 29. Nxd6 {[%emt 0:03:52]} Qxd6 {[%emt 0:00:02]} 30. Rxc8 {[%emt 0:00:06]} Rxc8 {[%emt 0:00:05]} 31. Qxc8 {[%emt 0:00:04]} g6 {[%emt 0:01:11]} 32. Qa8 {[%emt 0:05:23]} Qd1+ {[%emt 0:03:46]} 33. Bf1 {[%emt 0:04:45]} Qe1 {[%emt 0:00:06]} 34. Qd5 {[%emt 0:01:20]} Nxe4 {[%emt 0:00:09]} 35. Qxf7+ {[%emt 0:01:17]} Kh6 {[%emt 0:00:43]} 36. Kg2 {[%emt 0:02:55]} Qd2 {[%emt 0:02:31]} 37. Qf8+ {[%emt 0:01:18]} Kh7 {[%emt 0:00:01]} 38. Bc4 {[%emt 0:00:45]} g5 {[%emt 0:01:27]} 39. Bg8+ {[%emt 0:00:20]} 1-0